Biofuels Engineering Process Technology / (Record no. 563653)
[ view plain ]
| 000 -LEADER | |
|---|---|
| fixed length control field | 00442nam a2200133Ia 4500 |
| 008 - FIXED-LENGTH DATA ELEMENTS--GENERAL INFORMATION | |
| fixed length control field | 210430s9999 xx 000 0 und d |
| 020 ## - INTERNATIONAL STANDARD BOOK NUMBER | |
| International Standard Book Number | 978-0071487498 |
| 082 ## - DEWEY DECIMAL CLASSIFICATION NUMBER | |
| Classification number | 662.88 D756 B |
| 100 ## - MAIN ENTRY--PERSONAL NAME | |
| Personal name | Cay M. Drapcho Nghiem Phu Nhuan Terry H. Walker |
| 9 (RLIN) | 53592 |
| 245 ## - TITLE STATEMENT | |
| Title | Biofuels Engineering Process Technology / |
| Statement of responsibility, etc. | Cay M. Drapcho, Nghiem Phu Nhuan, Terry H. Walker |
| 260 ## - PUBLICATION, DISTRIBUTION, ETC. | |
| Place of publication, distribution, etc. | USA |
| Name of publisher, distributor, etc. | Mc Graw-Hill |
| Date of publication, distribution, etc. | 2008 |
| 300 ## - PHYSICAL DESCRIPTION | |
| Extent | 371 p. |
| 942 ## - ADDED ENTRY ELEMENTS (KOHA) | |
| Koha item type | Book |
| Source of classification or shelving scheme | |
| Withdrawn status | Lost status | Damaged status | Not for loan | Collection code | Permanent Location | Current Location | Shelving location | Date acquired | Total Checkouts | Full call number | Barcode | Checked out | Date last seen | Date last checked out | Price effective from | Koha item type |
|---|---|---|---|---|---|---|---|---|---|---|---|---|---|---|---|---|
| School of Chemical & Materials Engineering (SCME) | School of Chemical & Materials Engineering (SCME) | General Stacks | 1 | 662.88 D756 B | SCME-2818 | 02/23/2026 | 02/03/2026 | 02/03/2026 | 04/30/2021 | Book |
